The national bibliography of Zambia 1970/71 (Record no. 78704)

MARC details
000 -LEADER
fixed length control field 00649nam a2200145 a 4500
008 - FIXED-LENGTH DATA ELEMENTS--GENERAL INFORMATION
fixed length control field 120416s1972 ||||||||||||||||| || u
050 ## - LIBRARY OF CONGRESS CALL NUMBER
Classification number Z 3579 Nat
100 ## - MAIN ENTRY--PERSONAL NAME
Personal name Rehman, K. A
245 14 - TITLE STATEMENT
Title The national bibliography of Zambia 1970/71
Statement of responsibility, etc. compiled by K.A. Rehman
260 ## - PUBLICATION, DISTRIBUTION, ETC.
Place of publication, distribution, etc. Lusaka
Name of publisher, distributor, etc. National Archives
Date of publication, distribution, etc. (1972?)
300 ## - PHYSICAL DESCRIPTION
Extent vii, 115p.
350 ## -
-- 0.00
995 ## -
-- SPECIAL COLLECTIONS
-- 0.00
-- 720402
-- CBU-MAIN LIBRARY (Kitwe)
-- 1
-- 1.00
-- ZAM Z 3579 Nat
-- 1
-- AVAILABLE
-- 024337
-- Zambiana Collection
995 ## -
-- SPECIAL COLLECTIONS
-- 0.00
-- 720403
-- CBU-MAIN LIBRARY (Kitwe)
-- 1
-- 0.00
-- ZAM Z 3579 NAT
-- 1
-- AVAILABLE
-- Nov 27, 2007
-- 55825
-- Zambiana Collection
999 ## -
-- 78704
-- 78704
Holdings
Withdrawn status Lost status Source of classification or shelving scheme Damaged status Not for loan Permanent Location Current Location Shelving location Date acquired Total Checkouts Full call number Barcode Date last seen Copy number Price effective from Koha item type
          CBU-MAIN LIBRARY, KITWE. CBU-MAIN LIBRARY, KITWE.   06/06/2023   ZAM Z 3579 Nat 024337 06/06/2023 1 06/06/2023 SPECIAL COLLECTION
          CBU-MAIN LIBRARY, KITWE. CBU-MAIN LIBRARY, KITWE.   06/06/2023   ZAM Z 3579 Nat 55825 06/06/2023 2 06/06/2023 SPECIAL COLLECTION